Инвестиционный комплекс и ускорение научно-технического прогресса: методология регионального анализа

Bibliografiske detaljer
Hovedforfatter: Ефимов Б. И. Борис Иванович
Corporate Authors: Академия наук СССР (АН СССР), Госплан СССР Совет по изучению производительных сил
Andre forfattere: Левин А. П. (редактор)
Summary:Исключено из фонда НТБ ТПУ
Sprog:russisk
Udgivet: Москва, Наука, 1989
Format: MixedMaterials Bog
KOHA link:https://koha.lib.tpu.ru/cgi-bin/koha/opac-detail.pl?biblionumber=251559

MARC

LEADER 00000nam0a2200000 4500
001 251559
005 20231101232652.0
010 |a 5020118966 
020 |a RU  |b 89-33394 
035 |a (RuTPU)RU\TPU\book\273867 
090 |a 251559 
100 |a 20140222d1989 k y0rusy5003 ca 
101 0 |a rus 
102 |a RU 
105 |a y z 001zy 
200 1 |a Инвестиционный комплекс и ускорение научно-технического прогресса  |e методология регионального анализа  |f Б. И. Ефимов  |g Академия наук СССР (АН СССР) ; Госплан СССР, Совет по изучению производительных сил ; под ред. А. П. Левина 
210 |a Москва  |c Наука  |d 1989 
215 |a 115 с. 
333 |a Исключено из фонда НТБ ТПУ 
700 1 |a Ефимов  |b Б. И.  |g Борис Иванович 
702 1 |a Левин  |b А. П.  |4 340 
712 0 2 |a Академия наук СССР (АН СССР) 
712 0 2 |a Госплан СССР  |b Совет по изучению производительных сил  |9 26925 
801 0 |a RU  |b RuMRKP  |c 19950417  |g psbo 
801 1 |a RU  |b 63413507  |c 20140222 
801 2 |a RU  |b 63413507  |c 20220311  |g RCR 
942 |c BK